Law and social Development (Record no. 31866)

MARC details
000 -LEADER
fixed length control field 00425nam a2200181Ia 4500
020 ## - INTERNATIONAL STANDARD BOOK NUMBER
ISBN 978-34912-5-3
050 ## - CALL MARK
Classification number KB 15 .O5/
100 ## - STATEMENT OF RESPONSIBILITY--MAIN AUTHOR NAME
Personal name Ojukwu,Ernest
245 #0 - TITLE STATEMENT
Title Law and social Development
260 ## - PUBLICATION, DISTRIBUTION, ETC. (IMPRINT)
Place of publication Abuja
260 ## - PUBLICATION, DISTRIBUTION, ETC. (IMPRINT)
Name of publisher Helen-Roberts.
260 ## - PUBLICATION, DISTRIBUTION, ETC. (IMPRINT)
Year of publication 2012
300 ## - PHYSICAL DESCRIPTION
Number of Pages 615 p
650 ## - SUBJECT ADDED ENTRY--TOPICAL TERM
Topical Term Law and Social Development
942 ## - ADDED ENTRY ELEMENTS (KOHA)
Koha item type Books
Holdings
Withdrawn status Lost status Source of classification or shelving scheme Damaged status Not for loan Permanent Location Current Location Date acquired Accession Number Price effective from Koha item type
    Library of Congress Classification     Law Library Law Library 04/23/2025 0187350 04/23/2025 Books